000 00622nam a2200241Ia 4500
003 OSt
005 20220918194521.0
006 a|||||r|||| 00| 0
007 ta
008 220917b |||||||| |||| 00| 0 eng d
024 _a79,914
037 _cTextual
040 _aARTS
_cARTS
_beng
041 _2eng
_aeng
082 _aS:44, K9
100 _aPietrasinski Z
_985396
245 0 _aPsychology of efficient thiinking
260 _c1969
650 _aPSYCHOLOGY
700 _a Jankowski Boguslaw
_985397
942 _hS:44, K9
_cTEXL
_2CC
999 _c203640
_d203640